Improving the efficiency of multistage production of alkylbenzene sulfonic acid; Petroleum and Coal; Vol. 61, iss. 4

Podrobná bibliografie
Parent link:Petroleum and Coal
Vol. 61, iss. 4.— 2019.— [P. 719-724]
Hlavní autor: Dolganova I. O. Irena Olegovna
Korporativní autor: Национальный исследовательский Томский политехнический университет Инженерная школа природных ресурсов Отделение химической инженерии
Další autoři: Borissov A. A. Anatoli Alimpievich
Shrnutí:Title screen
The object of the research is multi-stage integrated production of linear alkylbenzenes and linearalkylbenzene sulfonic acid. The established thermodynamic and kinetic laws of the transformations ofC9–C14 hydrocarbons and the activity of catalysts used in the synthesis of linear alkylbenzenes providedthe creation of mathematical models suitable for optimizing the main stages of the synthesis. theassessment of the full range of nonstationarity factors caused by the deactivation of catalysts wasmade on the basis of a computational and industrial experiment simulation. the model calculationsallowed improving the efficiency of multistage production of alkylbenzene sulfonic acid and to increasethe desired product yield from 170 –172 to 174–176 tones/day.
Jazyk:angličtina
Vydáno: 2019
Témata:
On-line přístup:https://www.vurup.sk/wp-content/uploads/2019/06/PC-X-2019_Dolganova_53_rev1.pdf
Médium: MixedMaterials Elektronický zdroj Kapitola
KOHA link:https://koha.lib.tpu.ru/cgi-bin/koha/opac-detail.pl?biblionumber=662848

MARC

LEADER 00000naa0a2200000 4500
001 662848
005 20250415125609.0
035 |a (RuTPU)RU\TPU\network\34006 
035 |a RU\TPU\network\34005 
090 |a 662848 
100 |a 20201112d2019 k||y0rusy50 ba 
101 0 |a eng 
102 |a SK 
135 |a drcn ---uucaa 
181 0 |a i  
182 0 |a b 
200 1 |a Improving the efficiency of multistage production of alkylbenzene sulfonic acid  |f I. O. Dolganova, A. A. Borissov 
203 |a Text  |c electronic 
300 |a Title screen 
320 |a [References:9 tit.] 
330 |a The object of the research is multi-stage integrated production of linear alkylbenzenes and linearalkylbenzene sulfonic acid. The established thermodynamic and kinetic laws of the transformations ofC9–C14 hydrocarbons and the activity of catalysts used in the synthesis of linear alkylbenzenes providedthe creation of mathematical models suitable for optimizing the main stages of the synthesis. theassessment of the full range of nonstationarity factors caused by the deactivation of catalysts wasmade on the basis of a computational and industrial experiment simulation. the model calculationsallowed improving the efficiency of multistage production of alkylbenzene sulfonic acid and to increasethe desired product yield from 170 –172 to 174–176 tones/day. 
461 |t Petroleum and Coal 
463 |t Vol. 61, iss. 4  |v [P. 719-724]  |d 2019 
610 1 |a электронный ресурс 
610 1 |a труды учёных ТПУ 
610 1 |a mathematical modeling 
610 1 |a dehydrogenation 
610 1 |a alkylation 
610 1 |a sulphonation 
610 1 |a catalyst activity 
700 1 |a Dolganova  |b I. O.  |c chemist  |c Associate Scientist of Tomsk Polytechnic University, postgraduate student, candidate of technical Sciences  |f 1988-  |g Irena Olegovna  |3 (RuTPU)RU\TPU\pers\31271  |9 15449 
701 1 |a Borissov  |b A. A.  |g Anatoli Alimpievich 
712 0 2 |a Национальный исследовательский Томский политехнический университет  |b Инженерная школа природных ресурсов  |b Отделение химической инженерии  |3 (RuTPU)RU\TPU\col\23513  |9 28329 
801 2 |a RU  |b 63413507  |c 20201112  |g RCR 
850 |a 63413507 
856 4 |u https://www.vurup.sk/wp-content/uploads/2019/06/PC-X-2019_Dolganova_53_rev1.pdf 
942 |c CF